| 000 | 00557nam a2200205Ia 4500 | ||
|---|---|---|---|
| 001 | 6137 | ||
| 003 | GE_BSU | ||
| 008 | 181216s||||||||xx |||||||||||||| ||und|| | ||
| 040 | _cGE_BSU | ||
| 080 | _a821.353.1-1 | ||
| 100 | _aახვლედიანი, სილოვან | ||
| 245 | _aლექსები | ||
| 245 | _cრედ.ილ.ხოშტარია | ||
| 260 | _aთბილისი | ||
| 260 | _bსახელგამი | ||
| 260 | _c1956 | ||
| 300 | _a60გვ; 16სმ. | ||
| 653 | _aლექსები | ||
| 942 | _cBK | ||
| 999 |
_c39539 _d39539 |
||